000 00441nam a2200181Ia 4500
001 24207
005 20260414151028.0
008 260414t1998||||xx |||||||||||||| ||spa||
041 _aESP
082 _a792.08
_bM63
100 _aMiravalles, Luis
_eAUT
245 0 _aIniciación al teatro :
_bteoría y práctica
260 _c1998
300 _a156 páginas :
_c21 cm.
650 _aABD
654 _aCAU
942 _cLIB
_dJUS
_fJUS
_2ddc
_n
999 _c24207
_d24207